header

Prime obsession (Record no. 173866)

MARC details
000 -LEADER
fixed length control field 01178nam a22003134a 4500
082 04 - DEWEY DECIMAL CLASSIFICATION NUMBER
Classification number 512/.72
100 1# - MAIN ENTRY--AUTHOR NAME
Personal name Derbyshire, John.
245 10 - TITLE STATEMENT
Title Prime obsession
260 ## - PUBLICATION, DISTRIBUTION, ETC. (IMPRINT)
Place of publication Washington, DC :
Name of publisher Joseph Henry Press,
Year of publication c2003.
300 ## - PHYSICAL DESCRIPTION
Number of Pages xv, 422 p. :
Other physical details ill.
500 ## - GENERAL NOTE
General note Includes index.
650 #0 - SUBJECT ADDED ENTRY--TOPICAL TERM
Topical Term Numbers, Prime.
Topical Term Series.
856 40 - ELECTRONIC LOCATION AND ACCESS
Uniform Resource Identifier http://site.ebrary.com/lib/rucke/Doc?id=10039746

No items available.

© 2026 Rongo University
Contact us: librarian | system librarian | Rongo university